Car Trim Badges 4 - Statistics

General Stats
  • This quiz has been taken 39 times
  • The average score is 11 of 16
Answer Stats
Picture Answer % Correct
Dodge
100%
Honda
94%
Volkswagen
94%
Alfa Romeo
84%
Mercedes-Benz
84%
Chevrolet
81%
Nissan
78%
Mini
72%
Subaru
72%
Acura
63%
Ford
63%
Peugeot
53%
Jeep
38%
Oldsmobile
34%
Mercury
28%
Smart
28%
No matching quizzes found
Score Distribution
Percent of People with Each Score
Percentile by Number Answered
Your Score History
You have not taken this quiz